00644 2200229 4500001002100000005001700021008004100038020002200079035002400101090002000125100001800145245007700163250001100240260003300251300002300284500003100307650001700338850001600355980001500371985000600386999002200392YOGYA-0209000004659220090227031232.0 ind  a978-979-756-265-6 0010-020900000046592 a320bAgn PlDEP aAGUSTINO, Leo aPerihal ilmu politikbsebuah bahasan memahami ilmu politikcLeo Agustino aCet. 1 aYogyakartabGraha Ilmuc2007 axv, 254 hlmc26 cm aBibliografi : hlm. 249-254 aPolitik Ilmu aYOPDYOG (M) a26-11-2007 a1 aCB-D.11 2007-481h